Folio1 bracu.architecture /

Détails bibliographiques
Autres auteurs: Mallick, Fuad H. (Éditeur intellectuel), Ghani, Shams Mansoor (Éditeur intellectuel), Kabir, Khondaker Hasibul (Éditeur intellectuel), Meghna, Saiqa Iqbal (Éditeur intellectuel), Hai, Rafid Reasat (Éditeur intellectuel), Saman, Farasha (Éditeur intellectuel), Hasan, Kazi Najeeb (Éditeur intellectuel)
Format: Livre
Langue:English
Publié: Bangladesh : BRAC University Press, 2016.
Sujets:
Classic Catalogue: View this record in Classic Catalogue
LEADER 01569nam a22003257a 4500
001 31550
003 BD-DhAAL
005 20260111145420.0
008 170301s2016 bg ao||| |||| 00| 0 eng d
020 |a 9789843403414 
040 |a BD-DhAAL  |c BD-DhAAL 
082 0 4 |a 720.095492   |2 23 
245 1 0 |a Folio1 bracu.architecture /  |c editors Fuad H. Mallick, Shams Mansoor Ghani, Khondaker Hasibul Kabir, Saiqa Iqbal Meghna, Rafid Reasat Hai, Farasha Saman, Kazi Najeeb Hasan. 
260 |a Bangladesh :  |b BRAC University Press,  |c 2016. 
300 |a 333 pages :   |b illustrations ;  |c 23 cm 
526 |a AAL 
541 |e 31550, 31551 
650 0 |a Architecture  |z Bangladesh  |9 21021 
700 1 |a Mallick, Fuad H.  |e editor.  |9 21022 
700 1 |a Ghani, Shams Mansoor   |e editor.  |9 21023 
700 1 |a Kabir, Khondaker Hasibul   |e editor.  |9 21024 
700 1 |a Meghna, Saiqa Iqbal   |e editor.  |9 21025 
700 1 |a Hai, Rafid Reasat   |e editor.  |9 21026 
700 1 |a Saman, Farasha  |e editor.  |9 21027 
700 1 |a Hasan, Kazi Najeeb  |e editor.  |9 21028 
852 1 |a Ayesha Abed Library   |c General Shelf 
942 |2 ddc  |c BK 
999 |c 37969  |d 37969 
952 |0 0  |1 0  |2 ddc  |4 0  |6 720_954920000000000_FOL  |7 0  |9 60023  |a BRACUL  |b BRACUL  |c CIR  |d 2017-03-01  |e Complimentary copy from Architecture Department  |l 1  |o 720.95492 FOL  |p 3010031550  |r 2017-04-16  |s 2017-04-10  |t 1  |w 2017-03-01  |y 1HOUR 
952 |0 0  |1 0  |2 ddc  |4 0  |6 720_954920000000000_FOL  |7 0  |9 60024  |a BRACUL  |b BRACUL  |c GEN  |d 2017-03-01  |e Complimentary copy from Architecture Department  |l 10  |m 124  |o 720.95492 FOL  |p 3010031551  |q 2026-06-02  |r 2025-10-15  |s 2025-10-15  |t 2  |w 2017-03-01  |y BK